Marvel Disney Plus Series - Statistics

General Stats
  • This quiz has been taken 317 times
  • The average score is 9 of 17
Answer Stats
Hint Answer % Correct
2021 WandaVision
94%
2021 Loki
90%
2021 The Falcon and the Winter Soldier
85%
2021 Hawkeye
79%
2021 What If...?
79%
2022 Moon Knight
78%
2022 Ms. Marvel
74%
2022 She-Hulk
73%
2022 Secret Invasion
50%
TBD Echo
43%
TBD I Am Groot
35%
TBD Ironheart
33%
2022 Armor Wars
18%
2023 X-Men '97
17%
TBD Agatha: House of Harkness
15%
TBD Spider-Man: Freshman Year
11%
TBD Zombies
6%
No matching quizzes found
Score Distribution
Percent of People with Each Score
Percentile by Number Answered
Your Score History
You have not taken this quiz